[Event "Jamundi Valle Avanza op-B"]
[Site "Jamundi"]
[Date "2022.12.09"]
[Round "3"]
[White "Valencia, Dario"]
[Black "Rodriguez, Juan Gabriel"]
[Result "0-1"]
[WhiteElo "1841"]
[BlackElo "1665"]
[PlyCount "72"]
[EventDate "2022.12.08"]
[EventType "swiss"]
[EventRounds "7"]
[EventCountry "COL"]
[SourceTitle "EXT 2024"]
[Source "ChessBase"]
[SourceDate "2023.10.10"]
[SourceVersion "1"]
[SourceVersionDate "2023.10.10"]
[SourceQuality "1"]

1. e4 c5 2. Nc3 Nc6 3. f4 e6 4. Nf3 d5 5. Bb5 d4 6. Ne2 Bd7 7. d3 Qa5+ 8. Bd2 Qxb5 9. 0-0 Nf6 10. Ng3 Be7 11. c4 dxc3 12. Bxc3 0-0-0 13. a4 Qa6 14. Qc2 Kb8 15. Kh1 h6 16. Rfd1 Rc8 17. Qb3 Rhd8 18. Qb5 Qxb5 19. axb5 Nb4 20. Be5+ Ka8 21. b6 a6 22. Bc7 Rf8 23. d4 Bc6 24. dxc5 Bxc5 25. Rdc1 Be7 26. Nd4 Bxe4 27. Nxe4 Nxe4 28. Ra4 Nf2+ 29. Kg1 Nfd3 30. Rc3 Nxb2 31. Ra5 N2d3 32. Rca3 Bc5 33. Rxc5 Nxc5 34. Bd6 Ncd3 35. h3 Rfd8 36. Nb5 Rxd6 0-1

[Event "Jamundi Valle Avanza op-B"]
[Site "Jamundi"]
[Date "2022.12.08"]
[Round "2"]
[White "Navia Alvarez, Edwin Adrian"]
[Black "Valencia, Dario"]
[Result "1-0"]
[WhiteElo "2023"]
[BlackElo "1841"]
[PlyCount "85"]
[EventDate "2022.12.08"]
[EventType "swiss"]
[EventRounds "7"]
[EventCountry "COL"]
[SourceTitle "EXT 2024"]
[Source "ChessBase"]
[SourceDate "2023.10.10"]
[SourceVersion "1"]
[SourceVersionDate "2023.10.10"]
[SourceQuality "1"]

1. e4 c5 2. Nf3 a6 3. c4 d6 4. d4 cxd4 5. Nxd4 Nf6 6. Nc3 Nc6 7. Be2 g6 8. Be3 Bg7 9. 0-0 0-0 10. h3 Bd7 11. Qc2 Rc8 12. Rad1 Qa5 13. Nb3 Qc7 14. f4 Na5 15. c5 Nxb3 16. cxd6 exd6 17. Qxb3 b5 18. Qa3 Rfe8 19. Bf3 Bc6 20. Nd5 Bxd5 21. exd5 b4 22. Qd3 Qc4 23. Qxc4 Rxc4 24. Rd4 Rc2 25. Rf2 Rcc8 26. Re2 a5 27. Kf2 Nd7 28. Re4 Rxe4 29. Bxe4 f5 30. Bd3 Nf6 31. Rc2 Rxc2+ 32. Bxc2 Nd7 33. b3 Nc5 34. Ke2 Kf7 35. g4 fxg4 36. hxg4 Bc3 37. g5 Kg7 38. Kf3 Kf7 39. Kg4 Nd7 40. Bb1 Kg7 41. Bd3 Bb2 42. Bb5 Nc5 43. f5 1-0

[Event "COL-ch U2000"]
[Site "Pereira"]
[Date "2019.03.22"]
[Round "2"]
[White "Vanegas, Ricardo"]
[Black "Valencia, Dario"]
[Result "1/2-1/2"]
[WhiteElo "1818"]
[BlackElo "1876"]
[PlyCount "105"]
[EventDate "2019.03.21"]
[EventType "swiss"]
[EventRounds "9"]
[EventCountry "COL"]
[SourceTitle "CBM 189 Extra"]
[Source "ChessBase"]
[SourceDate "2019.06.03"]
[SourceVersion "1"]
[SourceVersionDate "2019.06.03"]
[SourceQuality "1"]

1. e4 c5 2. Nf3 d6 3. d4 cxd4 4. Nxd4 Nf6 5. Nc3 a6 6. Bg5 e6 7. f4 Nbd7 8. Qf3 Qc7 9. 0-0-0 b5 10. Bd3 Nc5 11. Bxf6 gxf6 12. f5 b4 13. Nce2 e5 14. Nb3 Nxd3+ 15. Qxd3 a5 16. Kb1 Ba6 17. Qd2 h5 18. h4 Bh6 19. Qe1 Rc8 20. Na1 Ke7 21. Ng3 Bf4 22. Nf1 Rhg8 23. g3 Bh6 24. Ne3 Bxe3 25. Qxe3 Rg4 26. Rde1 Bb7 27. Qf3 Qc4 28. Rh2 Bxe4 29. Qf2 Qc5 30. Re3 a4 31. Kc1 d5 32. Kd1 d4 33. Re2 Qd5 34. b3 Bf3 35. Qe1 Rc3 36. Kc1 Bxe2 37. Rxe2 d3 38. Rd2 Qd4 39. bxa4 e4 40. Kb1 e3 41. Nb3 Qe4 42. Rxd3 Rxd3 43. cxd3 Qf3 44. d4 Qe4+ 45. Kb2 Kf8 46. Qxb4+ Kg7 47. Nc5 Qg2+ 48. Kb3 e2 49. Ne6+ fxe6 50. Qe7+ Kh8 51. Qf8+ Kh7 52. Qf7+ Rg7 53. Qxh5+ 1/2-1/2

[Event "Cali Region-ch"]
[Site "Cali"]
[Date "2017.04.29"]
[Round "3"]
[White "Donneys, Franz"]
[Black "Valencia, Dario"]
[Result "0-1"]
[WhiteElo "1578"]
[BlackElo "1909"]
[PlyCount "44"]
[EventDate "2017.04.28"]
[EventType "swiss"]
[EventRounds "7"]
[EventCountry "COL"]
[SourceTitle "CBM 178 Extra"]
[Source "ChessBase"]
[SourceDate "2017.06.22"]
[SourceVersion "1"]
[SourceVersionDate "2017.06.22"]
[SourceQuality "1"]

1. e4 c5 2. Nf3 d6 3. Bb5+ Nd7 4. c3 a6 5. Bxd7+ Bxd7 6. d4 g6 7. 0-0 Bg7 8. Re1 Bg4 9. d5 Nf6 10. h3 Bxf3 11. Qxf3 0-0 12. Bg5 Nd7 13. Nd2 Ne5 14. Qe3 c4 15. f4 Nd3 16. Reb1 b5 17. a4 Qc7 18. Nf3 b4 19. Ne1 bxc3 20. Nxd3 cxd3 21. bxc3 Qxc3 22. Bxe7 Bd4 0-1

[Event "COL-ch U2000"]
[Site "Medellin"]
[Date "2016.??.??"]
[Round "3.22"]
[White "Valencia, Dario"]
[Black "Palechor, Cesar Augusto"]
[Result "0-1"]
[WhiteElo "1909"]
[BlackElo "1789"]
[PlyCount "31"]
[EventDate "2016.02.29"]
[EventType "swiss"]
[EventRounds "9"]
[EventCountry "COL"]
[SourceTitle "EXT 2024"]
[Source "ChessBase"]
[SourceDate "2023.10.10"]
[SourceVersion "1"]
[SourceVersionDate "2023.10.10"]
[SourceQuality "1"]

1. d4 Nf6 2. c4 g6 3. Nc3 Bg7 4. e4 d6 5. Be2 0-0 6. Bg5 Nbd7 7. Nf3 Re8 8. h3 e5 9. d5 h6 10. Bh4 a6 11. 0-0 Nf8 12. Nd2 g5 13. Bg3 Ng6 14. c5 Nxe4 15. Ndxe4 f5 16. Nd2 0-1

[Event "Pan American Amateur-ch"]
[Site "San Andres Islas"]
[Date "2014.08.27"]
[Round "2"]
[White "Valencia, Dario"]
[Black "Dominguez, Daniela"]
[Result "1-0"]
[WhiteElo "1937"]
[BlackElo "1528"]
[PlyCount "35"]
[EventDate "2014.08.26"]
[EventType "swiss"]
[EventRounds "9"]
[EventCountry "COL"]
[SourceTitle "EXT 2016"]
[Source "ChessBase"]
[SourceDate "2015.10.08"]
[SourceVersion "1"]
[SourceVersionDate "2015.10.08"]
[SourceQuality "1"]

1. d4 d5 2. Nf3 Nc6 3. h3 Bf5 4. c3 h6 5. Bf4 f6 6. e3 a6 7. Bd3 e6 8. Bxf5 exf5 9. Bg3 Bd6 10. Nh4 Nge7 11. Qh5+ Kd7 12. Bxd6 cxd6 13. Ng6 Qe8 14. Nf4 g5 15. Qxe8+ Raxe8 16. Nd3 g4 17. Nd2 Rhg8 18. hxg4 1-0

[Event "Pan American Amateur-ch"]
[Site "San Andres Islas"]
[Date "2014.08.26"]
[Round "1"]
[White "Calderon Zuta, Nicolas"]
[Black "Valencia, Dario"]
[Result "1-0"]
[WhiteElo "1679"]
[BlackElo "1937"]
[PlyCount "83"]
[EventDate "2014.08.26"]
[EventType "swiss"]
[EventRounds "9"]
[EventCountry "COL"]
[SourceTitle "EXT 2016"]
[Source "ChessBase"]
[SourceDate "2015.10.08"]
[SourceVersion "1"]
[SourceVersionDate "2015.10.08"]
[SourceQuality "1"]

1. e4 c5 2. Nf3 d6 3. d4 cxd4 4. Nxd4 Nf6 5. Nc3 a6 6. Bc4 e6 7. Be3 Be7 8. f3 Nc6 9. Qd2 Bd7 10. 0-0-0 Rc8 11. Bb3 Na5 12. h4 Nc4 13. Bxc4 Rxc4 14. g4 b5 15. h5 b4 16. Nce2 e5 17. Nf5 Bxf5 18. gxf5 Qa5 19. Kb1 h6 20. Rdg1 Bf8 21. Qd3 Rc6 22. f4 Qc7 23. c3 Rc4 24. fxe5 dxe5 25. Rh4 Qc6 26. Rd1 Be7 27. cxb4 Rxb4 28. Nc3 Qb7 29. b3 Qc8 30. Rhh1 Rb7 31. Rc1 Ba3 32. Nb5 Qd7 33. Qxd7+ Kxd7 34. Rhd1+ Ke7 35. Nxa3 Nxe4 36. Rg1 Kf6 37. Rc6+ Kxf5 38. Rxa6 Nc3+ 39. Ka1 Rd8 40. Nc4 Rd1+ 41. Rxd1 Nxd1 42. Nd6+ 1-0

[Event "COL-ch sf"]
[Site "Medellin"]
[Date "2014.??.??"]
[Round "10"]
[White "Valencia, Dario"]
[Black "Lopez Idarraga, Daniel Eduardo"]
[Result "0-1"]
[WhiteElo "1949"]
[BlackElo "2087"]
[PlyCount "136"]
[EventDate "2014.04.15"]
[EventType "swiss"]
[EventRounds "11"]
[EventCountry "COL"]
[SourceTitle "CBM 160 Extra"]
[Source "ChessBase"]
[SourceDate "2014.07.01"]
[SourceVersion "1"]
[SourceVersionDate "2014.07.01"]
[SourceQuality "1"]

1. d4 f5 2. g3 Nf6 3. Bg2 e6 4. Nh3 d5 5. b3 c6 6. 0-0 Bd6 7. c4 Qe7 8. Bf4 0-0 9. Bxd6 Qxd6 10. e3 Nbd7 11. Nc3 b6 12. cxd5 Nxd5 13. Rc1 Ba6 14. Re1 Rac8 15. e4 Nxc3 16. Rxc3 fxe4 17. Bxe4 Nf6 18. Bg2 Rfd8 19. Qc1 Nd5 20. Bxd5 exd5 21. Nf4 Qf6 22. Re6 Qxd4 23. Rexc6 Rxc6 24. Rxc6 Re8 25. h4 Qe4 26. Rc7 d4 27. Ng2 Bb7 28. Rxb7 Qxb7 29. Qc4+ Kh8 30. Qxd4 Rc8 31. h5 h6 32. Qe3 Qc6 33. Qd4 Qc1+ 34. Kh2 Qc5 35. Qg4 Rd8 36. Ne3 Rd2 37. Qf3 Kg8 38. Kg2 Qf8 39. Nf5 Rxa2 40. Qd5+ Kh8 41. Qe4 Ra5 42. Ne7 Qd8 43. Ng6+ Kg8 44. Qe6+ Kh7 45. Ne7 Rxh5 46. Qg6+ Kh8 47. Qxh5 Qxe7 48. Qd5 Kh7 49. Qf5+ g6 50. Qd5 h5 51. Kf3 Kg7 52. Kg2 Qf7 53. Qd4+ Kh7 54. b4 Qb7+ 55. Kg1 Qe7 56. b5 Qc5 57. Qd7+ Kh6 58. Kg2 Qg5 59. Qe8 Qd5+ 60. Kg1 Kg5 61. Qc6 Qc5 62. Qe8 Qd5 63. Qc6 Qd1+ 64. Kg2 Qd3 65. Qe8 Qd5+ 66. Kg1 Kf5 67. Qc6 Qxc6 68. bxc6 Ke6 0-1

[Event "COL-ch sf"]
[Site "Medellin"]
[Date "2014.??.??"]
[Round "4"]
[White "Valencia, Dario"]
[Black "Ossa Ramirez, Jesus Antonio"]
[Result "1-0"]
[WhiteElo "1949"]
[BlackElo "1729"]
[PlyCount "63"]
[EventDate "2014.04.15"]
[EventType "swiss"]
[EventRounds "11"]
[EventCountry "COL"]
[SourceTitle "CBM 160 Extra"]
[Source "ChessBase"]
[SourceDate "2014.07.01"]
[SourceVersion "1"]
[SourceVersionDate "2014.07.01"]
[SourceQuality "1"]

1. c4 e5 2. Nc3 Nf6 3. g3 Bc5 4. Bg2 Nc6 5. Nf3 a6 6. e3 d6 7. d4 Bb4 8. dxe5 Bxc3+ 9. bxc3 dxe5 10. Qxd8+ Nxd8 11. Nxe5 0-0 12. 0-0 Re8 13. Rd1 Rxe5 14. Rxd8+ Re8 15. Rxe8+ Nxe8 16. Ba3 c6 17. Rb1 Nf6 18. h3 h6 19. Bd6 a5 20. a4 Nd7 21. c5 f6 22. f4 Kf7 23. e4 g6 24. Bf1 Nf8 25. Bc4+ Kg7 26. e5 h5 27. Kg2 f5 28. Bxf8+ Kxf8 29. Rd1 b5 30. cxb6 Rb8 31. Rd6 Rxb6 32. Rd8+ 1-0

[Event "COL-ch"]
[Site "Ibague"]
[Date "2013.07.07"]
[Round "11"]
[White "Valencia, Dario"]
[Black "Gonzalez Parejo, Ramon Jr"]
[Result "1-0"]
[WhiteElo "1958"]
[BlackElo "2094"]
[PlyCount "60"]
[EventDate "2013.07.01"]
[EventType "swiss"]
[EventRounds "11"]
[EventCountry "COL"]
[SourceTitle "EXT 2014"]
[Source "ChessBase"]
[SourceDate "2013.11.20"]
[SourceVersion "1"]
[SourceVersionDate "2013.11.20"]
[SourceQuality "1"]

1. Nf3 g6 2. g3 Bg7 3. Bg2 f5 4. d4 Nf6 5. c4 0-0 6. 0-0 d6 7. b4 Qe8 8. Nc3 c6 9. b5 e5 10. dxe5 dxe5 11. Ba3 Rf7 12. Qb3 h6 13. Rad1 Nbd7 14. bxc6 bxc6 15. Nh4 Nf8 16. Bxf8 Rxf8 17. Nb5 Rb8 18. Nd6 Rxb3 19. Nxe8 Rb2 20. Nxf6+ Rxf6 21. Rd8+ Rf8 22. Rxf8+ Kxf8 23. Bxc6 g5 24. Ng2 Rxa2 25. Rd1 Ke7 26. Kf1 a5 27. Ne3 f4 28. Nd5+ Kd6 29. Nc3+ Kxc6 30. Nxa2 Be6 1-0

[Event "COL-ch"]
[Site "Ibague"]
[Date "2013.07.05"]
[Round "8"]
[White "Palechor, Cesar Augusto"]
[Black "Valencia, Dario"]
[Result "0-1"]
[WhiteElo "1794"]
[BlackElo "1958"]
[PlyCount "64"]
[EventDate "2013.07.01"]
[EventType "swiss"]
[EventRounds "11"]
[EventCountry "COL"]
[SourceTitle "EXT 2014"]
[Source "ChessBase"]
[SourceDate "2013.11.20"]
[SourceVersion "1"]
[SourceVersionDate "2013.11.20"]
[SourceQuality "1"]

1. e4 c5 2. Nf3 d6 3. d4 cxd4 4. Nxd4 Nf6 5. Nc3 a6 6. g3 e5 7. Nde2 Be7 8. Bg2 b5 9. 0-0 Bb7 10. Bg5 Nbd7 11. Bxf6 Nxf6 12. Nd5 Nxd5 13. exd5 0-0 14. f4 Rc8 15. f5 Bg5 16. g4 Rc4 17. h3 Be3+ 18. Kh1 Rxg4 19. Rf3 Rxg2 20. Kxg2 Bh6 21. Qd3 Qa8 22. Rd1 Rc8 23. b4 Rc4 24. Rff1 Rxb4 25. c3 Ra4 26. f6 g6 27. Qf3 Rxa2 28. h4 Bd2 29. Rxd2 Rxd2 30. Qe3 Bxd5+ 31. Kf2 Rxe2+ 32. Qxe2 Bc4 0-1

[Event "COL-ch"]
[Site "Ibague"]
[Date "2013.07.05"]
[Round "7"]
[White "Valencia, Dario"]
[Black "Cadavid, Juan Miguel"]
[Result "1/2-1/2"]
[WhiteElo "1958"]
[BlackElo "1862"]
[PlyCount "50"]
[EventDate "2013.07.01"]
[EventType "swiss"]
[EventRounds "11"]
[EventCountry "COL"]
[SourceTitle "EXT 2014"]
[Source "ChessBase"]
[SourceDate "2013.11.20"]
[SourceVersion "1"]
[SourceVersionDate "2013.11.20"]
[SourceQuality "1"]

1. d4 d5 2. c4 c6 3. Nc3 Nf6 4. e3 e6 5. Nf3 Nbd7 6. Bd3 dxc4 7. Bxc4 b5 8. Bd3 Bb7 9. 0-0 a6 10. b3 c5 11. Bb2 Be7 12. Rc1 0-0 13. Ne5 Rc8 14. Qe2 cxd4 15. exd4 Nb6 16. Ne4 Nxe4 17. Rxc8 Qxc8 18. Bxe4 Bxe4 19. Qxe4 Nd5 20. Rc1 Qb7 21. Qc2 h6 22. Nd3 a5 23. Qc6 Qxc6 24. Rxc6 Nb4 25. Nxb4 Bxb4 1/2-1/2

[Event "COL-ch"]
[Site "Ibague"]
[Date "2013.07.04"]
[Round "6"]
[White "Arismendi Polanco, Efrain Steven"]
[Black "Valencia, Dario"]
[Result "1/2-1/2"]
[WhiteElo "1805"]
[BlackElo "1958"]
[PlyCount "54"]
[EventDate "2013.07.01"]
[EventType "swiss"]
[EventRounds "11"]
[EventCountry "COL"]
[SourceTitle "EXT 2014"]
[Source "ChessBase"]
[SourceDate "2013.11.20"]
[SourceVersion "1"]
[SourceVersionDate "2013.11.20"]
[SourceQuality "1"]

1. e4 c5 2. Nf3 d6 3. d4 cxd4 4. Nxd4 Nf6 5. Nc3 a6 6. f3 e5 7. Nb3 Be7 8. Be3 Be6 9. Qd2 d5 10. exd5 Nxd5 11. 0-0-0 Nxe3 12. Qxe3 Qc7 13. Nd5 Bxd5 14. Rxd5 Nc6 15. Bd3 Nb4 16. Ra5 Rc8 17. Kb1 Nxd3 18. Qxd3 0-0 19. Qe2 f6 20. a3 Rfd8 21. Rd1 Qc6 22. Rxd8+ Rxd8 23. Nd2 Qb6 24. Ra4 Qg1+ 25. Nf1 Rd4 26. Rxd4 Qxd4 27. Ne3 g6 1/2-1/2

[Event "COL-ch"]
[Site "Ibague"]
[Date "2013.07.02"]
[Round "3"]
[White "Valencia, Dario"]
[Black "Guerrero Forero, Ricardo Alonso"]
[Result "0-1"]
[WhiteElo "1958"]
[BlackElo "2208"]
[PlyCount "78"]
[EventDate "2013.07.01"]
[EventType "swiss"]
[EventRounds "11"]
[EventCountry "COL"]
[SourceTitle "EXT 2014"]
[Source "ChessBase"]
[SourceDate "2013.11.20"]
[SourceVersion "1"]
[SourceVersionDate "2013.11.20"]
[SourceQuality "1"]

1. Nf3 Nf6 2. c4 g6 3. b3 Bg7 4. Bb2 c5 5. g3 d6 6. Bg2 e5 7. d3 0-0 8. 0-0 Nc6 9. Nc3 Bg4 10. h3 Bd7 11. Ng5 Ne8 12. h4 Nc7 13. Nb5 Nxb5 14. cxb5 Nd4 15. Bxd4 exd4 16. Bxb7 Rb8 17. Bd5 Rxb5 18. Qc2 Be8 19. Qc4 Rb4 20. Qa6 Qe7 21. Rae1 h6 22. Nf3 Qc7 23. Nd2 Bb5 24. Qa3 Bc6 25. Bxc6 Qxc6 26. Rc1 Rb7 27. b4 Qe8 28. bxc5 Qxe2 29. c6 Rc7 30. Ne4 Rfc8 31. Qxd6 Qxd3 32. Nf6+ Bxf6 33. Qxf6 Qe4 34. Rc4 Rxc6 35. Rxd4 Rxf6 36. Rxe4 Ra6 37. a4 Rc2 38. Rb1 Rf6 39. Rf1 Ra2 0-1

[Event "Pan American-ch"]
[Site "Cartagena"]
[Date "2012.07.06"]
[Round "6"]
[White "Valencia, Dario"]
[Black "Martinez, Alejandro"]
[Result "1-0"]
[WhiteElo "1958"]
[BlackElo "1634"]
[PlyCount "69"]
[EventDate "2012.07.04"]
[EventType "swiss"]
[EventRounds "9"]
[EventCountry "COL"]
[SourceTitle "CBM 149 Extra"]
[Source "ChessBase"]
[SourceDate "2012.08.24"]
[SourceVersion "1"]
[SourceVersionDate "2012.08.24"]
[SourceQuality "1"]

1. d4 Nf6 2. c4 e6 3. Nc3 d5 4. Bg5 Be7 5. e3 h6 6. Bxf6 Bxf6 7. Nf3 b6 8. cxd5 exd5 9. Bd3 0-0 10. Rc1 Bb7 11. Bb1 Nd7 12. Qd3 g6 13. h4 Bg7 14. h5 Qf6 15. hxg6 fxg6 16. Qxg6 Qxg6 17. Bxg6 Rf6 18. Bd3 c5 19. Rh5 cxd4 20. exd4 Re6+ 21. Kf1 Nf6 22. Rh4 Re7 23. Ne5 a5 24. f3 Ba6 25. Bxa6 Rxa6 26. Nb5 Ne8 27. Rc8 Kh7 28. Nc6 Re6 29. Rf4 Nd6 30. Nxd6 Rxd6 31. Rf7 b5 32. Ne5 Rf6 33. Rd7 Rfd6 34. Rcc7 Kg8 35. Rxg7+ 1-0

[Event "Pan American-ch"]
[Site "Cartagena"]
[Date "2012.07.05"]
[Round "3"]
[White "Petro, Jose Felipe"]
[Black "Valencia, Dario"]
[Result "1/2-1/2"]
[WhiteElo "1768"]
[BlackElo "1958"]
[PlyCount "76"]
[EventDate "2012.07.04"]
[EventType "swiss"]
[EventRounds "9"]
[EventCountry "COL"]
[SourceTitle "CBM 149 Extra"]
[Source "ChessBase"]
[SourceDate "2012.08.24"]
[SourceVersion "1"]
[SourceVersionDate "2012.08.24"]
[SourceQuality "1"]

1. e4 c5 2. Nf3 d6 3. d4 cxd4 4. Nxd4 Nf6 5. Nc3 a6 6. Be2 e5 7. Nb3 Be6 8. Be3 Be7 9. f3 b5 10. 0-0 Nbd7 11. Qd2 0-0 12. Rad1 b4 13. Nd5 Bxd5 14. exd5 Nb6 15. Bxb6 Qxb6+ 16. Kh1 a5 17. c4 bxc3 18. bxc3 a4 19. Na1 Rfb8 20. Nc2 h6 21. Nb4 Rc8 22. a3 Rc7 23. Bd3 Qc5 24. Na6 Rxa6 25. Bxa6 Qxa3 26. c4 Ra7 27. Ra1 Qc5 28. Rxa4 e4 29. fxe4 Nxe4 30. Qf4 Qd4 31. Bb5 Bg5 32. Qxe4 Qxe4 33. Rxa7 Bf6 34. Ra3 Be5 35. Be8 f6 36. Bd7 g6 37. Be6+ Kg7 38. Ra7+ Kh8 1/2-1/2

[Event "Bogota Semana Santa op"]
[Site "Bogota"]
[Date "2012.04.04"]
[Round "2"]
[White "Valencia, Dario"]
[Black "Pena Duarte, Fabian Dario"]
[Result "0-1"]
[WhiteElo "1972"]
[BlackElo "2160"]
[PlyCount "22"]
[EventDate "2012.04.04"]
[EventType "swiss"]
[EventRounds "9"]
[EventCountry "COL"]
[SourceTitle "CBM 147 Extra"]
[Source "ChessBase"]
[SourceDate "2012.04.24"]
[SourceVersion "1"]
[SourceVersionDate "2012.04.24"]
[SourceQuality "1"]

1. d4 Nf6 2. c4 g6 3. Nc3 d5 4. cxd5 Nxd5 5. Qb3 Nxc3 6. bxc3 Bg7 7. e4 c5 8. Bb5+ Bd7 9. Nf3 cxd4 10. cxd4 Qa5+ 11. Bd2 Qxb5 0-1

[Event "Bogota McGregor op 2nd"]
[Site "Bogota"]
[Date "2011.12.10"]
[Round "8"]
[White "Palomino Escobar, Daniel Fernando"]
[Black "Valencia, Dario"]
[Result "0-1"]
[WhiteElo "1725"]
[BlackElo "1985"]
[PlyCount "58"]
[EventDate "2011.12.06"]
[EventType "swiss"]
[EventRounds "10"]
[EventCountry "COL"]
[SourceTitle "CBM 145 Extra"]
[Source "ChessBase"]
[SourceDate "2012.01.03"]
[SourceVersion "1"]
[SourceVersionDate "2012.01.03"]
[SourceQuality "1"]

1. e4 c5 2. Nf3 a6 3. d4 cxd4 4. Nxd4 d6 5. Nc3 Nc6 6. Be3 Nf6 7. f3 e6 8. Bc4 Be7 9. Qd2 Nxd4 10. Qxd4 b5 11. Bb3 Qc7 12. 0-0 0-0 13. a4 Bd7 14. axb5 axb5 15. Qb4 Bc6 16. Qd4 Nd7 17. Qd2 Nc5 18. Qf2 b4 19. Bxc5 dxc5 20. Ne2 Bb5 21. Kh1 c4 22. Ba2 e5 23. Qe3 Bc5 24. Qd2 Rfd8 25. Qe1 Qb7 26. h3 Qc7 27. Kh2 Rd6 28. Qc1 Rad8 29. Ng3 g6 0-1

[Event "Bogota McGregor op 2nd"]
[Site "Bogota"]
[Date "2011.12.08"]
[Round "6"]
[White "Perez Rojas, Luis Fernando"]
[Black "Valencia, Dario"]
[Result "1/2-1/2"]
[WhiteElo "1993"]
[BlackElo "1985"]
[PlyCount "129"]
[EventDate "2011.12.06"]
[EventType "swiss"]
[EventRounds "10"]
[EventCountry "COL"]
[SourceTitle "CBM 145 Extra"]
[Source "ChessBase"]
[SourceDate "2012.01.03"]
[SourceVersion "1"]
[SourceVersionDate "2012.01.03"]
[SourceQuality "1"]

1. e4 c5 2. Nf3 a6 3. d4 cxd4 4. Nxd4 d6 5. Bd3 Nf6 6. 0-0 Nc6 7. c3 e6 8. Be3 Be7 9. Nd2 Ne5 10. Be2 0-0 11. f4 Nc6 12. Nc2 b5 13. Bf3 Bb7 14. Qe1 Rc8 15. Bf2 Ba8 16. Qe2 Qc7 17. Ne3 Na5 18. Rfc1 Nc4 19. Nexc4 bxc4 20. Bd4 e5 21. Be3 exf4 22. Bxf4 Qb6+ 23. Qf2 Qxb2 24. Qg3 Kh8 25. Kh1 Rfd8 26. Qf2 Nd7 27. Bg4 Rc7 28. Bxd7 Rcxd7 29. Be3 Bf6 30. Bd4 Bg5 31. Be3 Bxe3 32. Qxe3 Rc8 33. Rcb1 Qc2 34. Nxc4 Qxe4 35. Qxe4 Bxe4 36. Rb4 Re8 37. Kg1 d5 38. Nb6 Rd6 39. Re1 Red8 40. Rd4 Bxg2 41. Kxg2 Rxb6 42. Rxd5 Rc8 43. Re2 h6 44. Rd3 Rc4 45. Kf2 Rf6+ 46. Ke1 Re6 47. Rxe6 fxe6 48. Re3 Ra4 49. Rxe6 Rxa2 50. h3 Kg8 51. Kd1 Kf7 52. Re3 Ra4 53. Kc2 Rc4 54. Kd3 Rc6 55. Kd4 a5 56. c4 a4 57. Ra3 Ra6 58. Kc5 Ke7 59. Kb5 Ra8 60. Rxa4 Rxa4 61. Kxa4 Kd7 62. Kb5 g5 63. Kc5 h5 64. Kd5 g4 65. hxg4 1/2-1/2